Click to Translate - Cantonese - Statistics

General Stats
  • This quiz has been taken 1,643 times
    965 since last reset
  • The average score is 16 of 20
Answer Stats
Hint Answer % Correct
Nine 九 (gau2)
88%
Cat 貓 (maau1)
86%
Mountain 山 (saan1)
86%
Heart 心 (sam1)
83%
Monday 星期一 (sing1 kei4 jat1)
82%
Telephone 電話 (din6 wa2)
81%
Red 紅色 (hung4 sik1)
81%
School 學校 (hok6 haau6)
80%
Summer 夏天 (haa6 tin1)
79%
Pork 猪肉 (zyu1 juk6)
79%
Cup 杯 (bui1)
77%
Father 父親 (fu6 can1)
77%
Learn 學 (hok6)
77%
Doctor 醫生 (ji1 sang1)
77%
Pineapple 菠蘿 (bo1 lo4)
76%
Airport 機場 (gei1 coeng4)
76%
Excuse me 唔該 (m4 goi1)
76%
Slow 慢 (maan6)
76%
Happy 開心 (hoi1 sam1)
74%
House 屋 (nguk1)
72%
No matching quizzes found
Score Distribution
Percent of People with Each Score
Percentile by Number Answered
Your Score History
You have not taken this quiz since the last reset